Trouve le rappeur - Statistiques

Statistiques générales
  • Ce quiz a été pris 63 fois
    23 depuis la dernière actualisation
  • Le résultat moyen est 38 sur 116
Statistiques - réponses
Réponse % Correct
SCH
91%
Booba
82%
Jul
82%
Ninho
82%
SDM
82%
Damso
73%
Gazo
73%
GIMS
73%
Niska
73%
Dadju
64%
Heuss l'enfoiré
64%
Kaaris
64%
PLK
64%
PNL
64%
Tiakola
64%
Hamza
55%
Kerchak
55%
Nekfeu
55%
Sofiane
55%
Werenoi
55%
Alonzo
45%
Dinos
45%
Favé
45%
Gradur
45%
Hornet la frappe
45%
Kalash
45%
Keblack
45%
Koba LaD
45%
Lacrim
45%
La fouine
45%
Leto
45%
Maes
45%
Naps
45%
Orelsan
45%
Rim'k
45%
Tayc
45%
Vald
45%
Zola
45%
Da Uzi
36%
Djadja&Dinaz
36%
Josman
36%
Kofs
36%
Larry
36%
Naza
36%
Oboy
36%
RK
36%
Soolking
36%
UZI
36%
Ziak
36%
Zkr
36%
Alpha Wann
27%
Aya nakamura
27%
Bosh
27%
Dosseh
27%
Elams
27%
Freeze corleone
27%
Gambi
27%
Green Montana
27%
Jok'air
27%
Kalash criminel
27%
Kaza
27%
La fève
27%
Lomepal
27%
Lorenzo
27%
Luv resval
27%
Menace santana
27%
MHD
27%
Moha la squale
27%
Niro
27%
Soso maness
27%
Timal
27%
Zed
27%
Alpha 5.20
18%
Angèle
18%
BeendoZ
18%
Dadi
18%
Eva
18%
Fresh la douille
18%
Fresh la peufra
18%
Gambino
18%
Guizmo
18%
Guy2Bezbar
18%
Jazzy Bazz
18%
Kanoe
18%
Kendji Girac
18%
Lallemand
18%
Le rat luciano
18%
Luther
18%
MAD
18%
Marwa loud
18%
MIG
18%
MisterV
18%
Mister You
18%
Nepal
18%
Sasso
18%
Soprano
18%
A2h
9%
Ashh
9%
Bekar
9%
Boogie
9%
Comar
9%
Douma
9%
Elias B4C
9%
Houari
9%
ICO
9%
Jnr slice
9%
Kamikaz
9%
Kim
9%
L2B
9%
R2
9%
SKG
9%
Solda
9%
Swaayve
9%
Wejdene
9%
WIzkid
9%
ZeGuerre
9%
Aucun quiz correspondant
Distribution des résultats
% des personnes avec chaque résultat
Percentile par nombre de réponses
Votre historique - résultats
Vous n’avez pas pris ce quiz depuis la dernière actualisation